<The> Egyptian stabilization experience <an> analytical retrospective
Saved in:
| Main Author: | |
|---|---|
| Format: | Book |
| Language: | English |
| Published: |
Washington
International Monetary Fund
1997
|
| Series: | IMF working paper
WP/97/105 |
| Subjects: | |
| Tags: |
No Tags, Be the first to tag this record!
|
MARC
| LEADER | 00000nam a2200000 4500 | ||
|---|---|---|---|
| 001 | c100049 | ||
| 005 | 20221124073313.7 | ||
| 041 | 0 | |a eng | |
| 044 | |a US | ||
| 245 | 1 | 0 | |a <The> Egyptian stabilization experience |b <an> analytical retrospective |c Prepared by Arvind Subramanian |
| 264 | 1 | |a Washington |b International Monetary Fund |c 1997 | |
| 300 | |a 61 s. | ||
| 490 | 1 | |a IMF working paper |v WP/97/105 | |
| 830 | 0 | |a IMF working paper |v WP/97/105 | |
| 610 | 2 | 0 | |a stabilizácia hospodárstva |
| 610 | 2 | 0 | |a krajiny rozvojové |
| 610 | 2 | 0 | |a politika hospodárska |
| 610 | 2 | 0 | |a kurz devízový |
| 610 | 2 | 0 | |a trh devízový |
| 610 | 2 | 0 | |a politika peňažná |
| 610 | 2 | 0 | |a liberalizácia |
| 610 | 2 | 0 | |a politika fiškálna |
| 610 | 2 | 0 | |a dolarizácia |
| 610 | 2 | 0 | |a kapitál |
| 610 | 2 | 0 | |a ukazovatele ekonomické |
| 610 | 2 | 0 | |a ukazovatele finančné |
| 610 | 2 | 0 | |a Egypt |
| 100 | 1 | |a Subramanian, Arvind | |